000 01271nam0a22002771 4500
001 rc\2299752
005 20110829140424.8
035 _a(NLR Aleph) 006467717
090 _a5902608
_c5902608
100 _a20110829g19771978|||y0rusy50 ca
101 0 _arus
102 _aRU
105 _aa z |||||
200 1 _aПространственные конструкции общественных зданий
_e[Обзор]
_fГос. ком. по гражд. стр-ву и архитектуре при Госстрое СССР. Центр науч.-техн. информ. по гражд. стр-ву и архитектуре
210 _aМосква
_cБ. и.
_d1977 [вып. дан. 1978]
215 _a50 с.
_cил.
_d21
225 1 _aОбзорная информация
_iКонструкции жилых и общественных зданий
_v4
300 _aНа 2-й с. обл. сост.: инженеры Ю.И. Ермилов, С.Г. Федоров
320 _aБиблиогр.: с. 48-49
700 1 _aЕрмилов
_bЮ. И.
_gЮрий Иванович
701 1 _aФедоров
_bС. Г.
_gСергей Георгиевич
801 0 _aRU
_bNLR
_gpsbo
801 1 _aRU
_bELAR
_2rusmarc
852 _aNLR
_jП10/5354
942 _cBOOK
980 _aNB